Tuyển chọn dòng lúa thơm, năng suất cao phẩm chất tốt từ tổ hợp lai TP9 x TP5 : Báo cáo kết quả nghiên cứu khoa học đề tài cấp trường

Đề tài được thưc hiện nhằm tạo ra các dòng lúa TP9 cải tiến có các đăc tính vượt trội về năng suất, hàm lượng protein cao, amylose thấp, dạng hạt dài. Bằng phương pháp lai tạo truyền thống giữa giống ;úa TP5 với giống TP5 kết hợp kỹ th...

Disgrifiad llawn

Wedi'i Gadw mewn:
Manylion Llyfryddiaeth
Prif Awdur: Nguyễn, Hoàng Tú
Fformat: Llyfr
Iaith:Undetermined
Cyhoeddwyd: Cần Thơ Trường Đại học Cần Thơ 2009
Pynciau:
Tagiau: Ychwanegu Tag
Dim Tagiau, Byddwch y cyntaf i dagio'r cofnod hwn!
Thư viện lưu trữ: Trung tâm Học liệu Trường Đại học Cần Thơ
LEADER 01495nam a2200241Ia 4500
001 CTU_165217
008 210402s9999 xx 000 0 und d
082 |a 633.18 
082 |b T500 
088 |a TSV2009-04-20 
100 |a Nguyễn, Hoàng Tú 
245 0 |a Tuyển chọn dòng lúa thơm, năng suất cao phẩm chất tốt từ tổ hợp lai TP9 x TP5 : 
245 0 |b Báo cáo kết quả nghiên cứu khoa học đề tài cấp trường 
245 0 |c Nguyễn Hoàng Tú (Chủ nhiệm đề tài) ; Nguyễn Phúc Hảo, Đái Phương Mai (Cán bộ phối hợp nghiên cứu) 
260 |a Cần Thơ 
260 |b Trường Đại học Cần Thơ 
260 |c 2009 
520 |a Đề tài được thưc hiện nhằm tạo ra các dòng lúa TP9 cải tiến có các đăc tính vượt trội về năng suất, hàm lượng protein cao, amylose thấp, dạng hạt dài. Bằng phương pháp lai tạo truyền thống giữa giống ;úa TP5 với giống TP5 kết hợp kỹ thuật điện di protein SDS-PAGE, một số phương pháp phân tích sinh hóa khảctên các dòng lai giữa hai giống lúa trên. 
650 |a Agriculture,Nông nghiệp 
650 |x Rice,Cây lúa 
904 |i Thảo, Hải 
915 |a NN 
980 |a Trung tâm Học liệu Trường Đại học Cần Thơ